000 00509nam a2200193Ia 4500
005 20250326142322.0
008 250326s9999 xx 000 0 und d
037 _aTextbook
040 _aFMSL
_beng
_cFMSL
041 _aeng
_2eng
084 _aX:8D N3;3
_qFMSL
100 _aChandra P
_9659734
245 0 _aFicial Management
_cChandra P
250 _a3
260 _aNew Delhi
_bNew Delhi, Tata McGraw Hill
_c1993
300 _a950p
942 _cTB
_hX:8D N3;3
999 _c1294455
_d1294455